Southville International School and Colleges
Your cart is empty.
  • Cart
  • Lists
    Public lists Eva Luna New books Lux_list list_1
    Your lists Log in to create your own lists
  • Log in to your account
  • Your cookies
  • Search history
Southville International School and Colleges
  • Advanced search
  • Recent comments
  • Most popular
  • Libraries

Log in to your account

Log in with GOOGLE


If you do not have an external account, but do have a local account, you can still log in:

  1. Home
  2. MARC view: Pathophysiological phenomena in nursing:
Normal view MARC view ISBD view

Pathophysiological phenomena in nursing: (Record no. 20740)

[ view plain ]
MARC details
000 -LEADER
fixed length control field 00778nam a2200265 a 4500
005 - DATE AND TIME OF LATEST TRANSACTION
control field 20140310183248.0
008 - FIXED-LENGTH DATA ELEMENTS--GENERAL INFORMATION
fixed length control field 040921s19uu xx 00 eng d
020 ## - INTERNATIONAL STANDARD BOOK NUMBER
International Standard Book Number 0-7216-8453-x
050 ## - LIBRARY OF CONGRESS CALL NUMBER
Classification number RT 65
Item number .K824 2003
100 ## - MAIN ENTRY--PERSONAL NAME
Personal name Kohlman-Carrieri, Virginia
245 ## - TITLE STATEMENT
Title Pathophysiological phenomena in nursing:
Remainder of title human responses to illness.
250 ## - EDITION STATEMENT
Edition statement 3rd ed.
260 ## - PUBLICATION, DISTRIBUTION, ETC. (IMPRINT)
Place of publication, distribution, etc U.S.A :
Name of publisher, distributor, etc Saunders,
Date of publication, distribution, etc 2003.
300 ## - PHYSICAL DESCRIPTION
Extent 459 p. :
Other physical details ill. ;
Dimensions 27 cm.
500 ## - GENERAL NOTE
General note Includes index.
650 ## - SUBJECT ADDED ENTRY--TOPICAL TERM
Topical term or geographic name as entry element Nursing.
650 ## - SUBJECT ADDED ENTRY--TOPICAL TERM
Topical term or geographic name as entry element Physiology, Pathological.
650 ## - SUBJECT ADDED ENTRY--TOPICAL TERM
Topical term or geographic name as entry element Disease
General subdivision Nurse's instruction.
650 ## - SUBJECT ADDED ENTRY--TOPICAL TERM
Topical term or geographic name as entry element Nursing care.
650 ## - SUBJECT ADDED ENTRY--TOPICAL TERM
Topical term or geographic name as entry element Stress
General subdivision Nurse's instruction.
700 ## - ADDED ENTRY--PERSONAL NAME
Personal name Lindsey, Ada M.
700 ## - ADDED ENTRY--PERSONAL NAME
Personal name West, Claudia M.
942 ## - ADDED ENTRY ELEMENTS (KOHA)
Koha item type Books
Source of classification or shelving scheme Library of Congress Classification
Call number prefix Foreign
Holdings
Withdrawn status Lost status Source of classification or shelving scheme Damaged status Home library Current library Shelving location Date acquired Total Checkouts Full call number Barcode Date last seen Copy number Price effective from Koha item type
    Library of Congress Classification   College Library College Library General Circulation Section 02/19/2010   RT 65 .K824 2003 C5300 05/15/2018 1 03/10/2014 Books

Pathophysiological phenomena in nursing:

APA

Kohlman-Carrieri V., Lindsey A. M. & West C. M. (2003). Pathophysiological phenomena in nursing. U.S.A: Saunders.

Chicago

Kohlman-Carrieri Virginia, Lindsey Ada M and West Claudia M. 2003. Pathophysiological phenomena in nursing. U.S.A: Saunders.

Harvard

Kohlman-Carrieri V., Lindsey A. M. and West C. M. (2003). Pathophysiological phenomena in nursing. U.S.A: Saunders.

MLA

Kohlman-Carrieri Virginia, Lindsey Ada M and West Claudia M. Pathophysiological phenomena in nursing. U.S.A: Saunders. 2003.

  • Place hold
  • Print
  • Cite
  • Add to your cart (remove)
  • Save record
    BIBTEX Dublin Core MARCXML MARC (non-Unicode/MARC-8) MARC (Unicode/UTF-8) MARC (Unicode/UTF-8, Standard) MODS (XML) RIS
  • More searches
    Search for this title in:
    Other Libraries (WorldCat) Other Databases (Google Scholar) Online Stores (Bookfinder.com) Open Library (openlibrary.org)

Exporting to Dublin Core...

SOUTHVILLE LIBRARY

Southville International School and Colleges Library

1281 Tropical Ave. Cor. Luxembourg St., BF Homes International, Las Pinas City

Tel. No. 8256374 / 252358 Loc. 117/146

Powered by Koha